| 000 | 00319nam a22000977a 4500 | ||
|---|---|---|---|
| 008 | 240726b |||||||| |||| 00| 0 eng d | ||
| 040 |
_aNational Science Library _cNational Science Library |
||
| 245 | _aFractionarea compusilor macromoleculari | ||
| 260 |
_aRomania: _c1969 _bEditura Academiei Republicii, |
||
| 942 |
_2udc _cBK |
||
| 999 |
_c64781 _d64781 |
||